Normal view
MARC view
- Marion, Nancy E., Jason Twede
Entry Personal Name
001 - CONTROL NUMBER
- control field: 6547
003 - CONTROL NUMBER IDENTIFIER
- control field: JO-AjAnu
005 - DATE AND TIME OF LATEST TRANSACTION
- control field: 20230606071348.0
008 - FIXED-LENGTH DATA ELEMENTS
- fixed length control field: 230606|| aca||aabn | a|a d
040 ## - CATALOGING SOURCE
- Original cataloging agency: JO-AjAnu
- Transcribing agency: JO-AjAnu
100 ## - HEADING--PERSONAL NAME
- Personal name: Marion, Nancy E., Jason Twede
670 ## - SOURCE DATA FOUND
- Source citation: Work cat.: (JO-AjAnu)3394: Marion, Nancy E., Jason Twede, author, Cybercrime: An Encyclopedia of Digital Crime